000 00613nam a2200169 i 4500
001 94300
003 ES-MaACL
005 20250907063057.0
007 t|
008 050427s1918 sp ||||1| spa d
100 1 _aLópez Tomás, José,
_dn. 1860
_974000
245 1 0 _aLengua española universal
_b: estudio-proyecto para adaptar al uso de la ciencia, el comercio, la industria, el turismo... el idioma oficial de España /
_cJosé López Tomás.
260 _aValladolid :
_b[s.n.],
_c1918 (
_eImp. Castellana)
300 _a70 p. ;
_c21 cm.
852 _aES-MaACL
_j1609-F-2
999 _c94300
_d94300